Mega proyectos inmobiliarios y medio ambiente

Salvato in:
Dettagli Bibliografici
Autore principale: Figueroa Valdés, Juan Eduardo (Autore)
Natura: Libro
Lingua:spagnolo
Pubblicazione: Santiago Jurídica ConoSur 1997
Soggetti:
Tags: Aggiungi Tag
Nessun Tag, puoi essere il primo ad aggiungerne!!

MARC

LEADER 00000nam a2200000 a 4500
001 UCR1094
003 CL-VaPUC
008 971212e19970000CL |||||||||||||||||spa|d
082 0 4 |a 344.046  |b FIG  |2 21 
100 0 |a Figueroa Valdés, Juan Eduardo  |e author  |9 397923 
245 1 0 |a Mega proyectos inmobiliarios y medio ambiente 
300 |a 150 p 
942 |c BK 
945 |d 19971212 00:00:00  |a rleighto 
260 |a Santiago  |b Jurídica ConoSur  |c 1997 
650 0 |a Medio ambiente  |9 257625 
650 0 |a Derecho constitucional   |9 222588 
650 0 |a Derecho de propiedad  |9 256450 
650 0 |a Desarrollo sustentable  |9 333905 
650 0 |a Proyectos de inversión   |9 261065 
650 7 |a BIENES DEL ESTADO  |2 CL-VaPUC  |9 391173 
650 0 |a Impacto ambiental  |9 262796 
650 0 |a Urbanización   |9 265706 
583 |a last modification  |c 20131001 12:01:19  |k Rodrigo Vera 
999 |c 264586  |d 264584 
952 |0 0  |1 0  |4 0  |6 344_046000000000000_FIG_1997  |7 0  |8 A  |9 294890  |a BIBING  |b BIBING  |d 2019-11-19  |i 3380874  |o 344.046 FIG 1997  |p 3380874  |r 2025-01-20  |w 2019-11-19  |y BK  |k CCL 
952 |0 0  |1 0  |4 0  |6 344_046000000000000_FIG_1997  |7 0  |8 A  |9 294891  |a BIBING  |b BIBING  |d 2019-11-19  |i 3380882  |o 344.046 FIG 1997  |p 3380882  |r 2025-01-20  |w 2019-11-19  |y BK  |k CCL